000 00601nam a22002177a 4500
999 _c7245
_d7245
001 7245
003 BD-JhCC
005 20180206182113.0
008 180206s1976 ii aod|| |||| 00| 0 eng d
035 _a(BD-JhCC)7245
040 _aBD-JhCC
_dBD-JhCC
041 _aeng
082 _a621.38933
_bGAR 1976
100 _aGardner, Hershal
245 _aHow to Troubleshoot and repair your stereo sytem /
_cHershal Gardner
260 _aIndia :
_bVikash Publishing House,
_c1976.
300 _a239 p.;
_bill.;
_c18 cm.
500 _aIncludes Index
650 _aStereophonic Sound System
942 _2ddc
_cBK